[Event "AUTO-OPEN-2851"]
[Site "http://www.queenalice.com/game.php?id=1125847"]
[Date "2012.11.25"]
[Round "1"]
[White "Himotross"]
[Black "wsxadrez"]
[Result "0-1"]
[WhiteElo "1644"]
[BlackElo "1636"]

1. d4 Nf6 2. c4 e6 3. Nc3 d5 4. cxd5 exd5 5. g3 c6 6. Bg2 Bf5 7. Nf3 Nbd7 8. O-O
Bd6 9. Re1 O-O 10. Nh4 Bg6 11. Nxg6 fxg6 0-1

[Event "AUTO-OPEN-2851"]
[Site "http://www.queenalice.com/game.php?id=1125870"]
[Date "2012.11.25"]
[Round "1"]
[White "forever"]
[Black "Himotross"]
[Result "0-1"]
[WhiteElo "2022"]
[BlackElo "1664"]

1. c4 c5 2. Nc3 Nc6 3. b3 g6 4. Ba3 d6 5. Nd5 Bg7 6. Rb1 Bf5 7. d3 e6 8. Bb2
Bxb2 9. Rxb2 exd5 10. cxd5 Qa5+ 11. Rd2 Nb4 12. Qa1 Nc2+ 0-1

[Event "AUTO-OPEN-2851"]
[Site "http://www.queenalice.com/game.php?id=1125871"]
[Date "2012.11.25"]
[Round "1"]
[White "Himotross"]
[Black "forever"]
[Result "0-1"]
[WhiteElo "1714"]
[BlackElo "2032"]

1. e4 b5 2. d4 c6 3. Nf3 d5 4. exd5 Qxd5 5. Nc3 Qd8 6. Be2 Nf6 7. O-O e6 8. Re1
Bb4 9. Bd2 O-O 10. a3 Ba5 11. Bd3 Bc7 12. Bg5 Nbd7 13. Ne4 h6 14. Bh4 Bb6 15. c4
a6 16. Rc1 Re8 17. Nd6 Re7 18. Ne5 g5 19. Nxc6 Qf8 20. Nxe7+ Qxe7 21. Nxc8 Rxc8
22. Bg3 Bxd4 23. cxb5 Rxc1 24. Qxc1 Nc5 25. Be2 axb5 26. Bxb5 Qa7 0-1

[Event "AUTO-OPEN-2851"]
[Site "http://www.queenalice.com/game.php?id=1125884"]
[Date "2012.11.25"]
[Round "1"]
[White "pergaminos"]
[Black "Himotross"]
[Result "1-0"]
[WhiteElo "1777"]
[BlackElo "1698"]

1. d4 Nf6 2. Nc3 d5 3. Bf4 a6 4. Nf3 Nc6 5. e3 Bf5 6. Bd3 Bxd3 7. cxd3 e6 8. O-O
Bd6 9. Bxd6 Qxd6 10. e4 dxe4 11. dxe4 Qf4 12. d5 exd5 13. exd5 O-O-O 14. Qd3 1-0

[Event "AUTO-OPEN-2851"]
[Site "http://www.queenalice.com/game.php?id=1125885"]
[Date "2012.11.25"]
[Round "1"]
[White "Himotross"]
[Black "pergaminos"]
[Result "0-1"]
[WhiteElo "1685"]
[BlackElo "1790"]

1. Nc3 Nf6 2. e4 e5 3. Nf3 Nc6 4. Bb5 d6 5. d4 Bd7 6. dxe5 Nxe5 7. Nxe5 dxe5 8.
Bxd7+ Nxd7 9. O-O Bd6 10. f4 O-O 11. Be3 c6 12. Qd2 f6 0-1

[Event "AUTO-INT-2495"]
[Site "http://www.queenalice.com/game.php?id=1125920"]
[Date "2012.11.25"]
[Round "1"]
[White "volga1"]
[Black "Himotross"]
[Result "1-0"]
[WhiteElo "1790"]
[BlackElo "1665"]

1. e4 c5 2. d4 cxd4 3. c3 dxc3 4. Nxc3 Nc6 5. Bc4 e6 6. Nf3 Nf6 7. Bg5 Be7 8.
O-O O-O 9. e5 Nd5 10. Bxe7 Ndxe7 11. Qc2 Nf5 12. Nb5 a6 13. Nd6 Nxd6 14. exd6 b5
15. Bd3 g6 16. h4 Bb7 17. h5 1-0

[Event "AUTO-INT-2495"]
[Site "http://www.queenalice.com/game.php?id=1125921"]
[Date "2012.11.25"]
[Round "1"]
[White "Himotross"]
[Black "volga1"]
[Result "0-1"]
[WhiteElo "1654"]
[BlackElo "1801"]

1. e4 g6 2. d4 Bg7 3. Nf3 d6 4. c4 Nd7 5. Bd3 e6 6. O-O Ne7 7. Nc3 b6 8. Re1 Bb7
9. d5 e5 10. b4 a6 11. a4 h6 12. Be3 f5 13. Qc2 f4 14. Bd2 Nf6 15. a5 g5 16.
Reb1 Qd7 0-1

[Event "AUTO-INT-2495"]
[Site "http://www.queenalice.com/game.php?id=1125932"]
[Date "2012.11.25"]
[Round "1"]
[White "Shizumaru_Hisame"]
[Black "Himotross"]
[Result "0-1"]
[WhiteElo "1736"]
[BlackElo "1694"]

1. d4 Nf6 2. Bf4 d5 3. e3 Nc6 4. Bb5 Bd7 5. Nf3 e6 6. O-O Be7 7. c4 a6 8. Bxc6
Bxc6 9. c5 Nh5 10. Ne5 Nxf4 11. Nxc6 bxc6 12. exf4 O-O 13. Qa4 Bf6 14. Nd2 Qb8
15. Nf3 Qb5 16. Qc2 Rab8 17. Rab1 Rb7 18. g4 g6 19. a4 Qb3 20. Qxb3 Rxb3 21. Kg2
Rfb8 22. g5 Bg7 23. Rfe1 Rxb2 24. Rxb2 Rxb2 25. Ne5 Bxe5 26. fxe5 Rb4 27. Rd1
Rxa4 28. Kf3 Rb4 29. Ke3 a5 30. Kd3 Rb2 31. Rd2 Rb5 32. Kc3 Kf8 33. Rb2 Ke8 34.
h4 Kd8 35. f4 Kc8 36. Rh2 Rb1 37. h5 Rf1 38. hxg6 hxg6 39. Kb3 Rxf4 40. Ka4
Rxd4+ 41. Kxa5 Rf4 42. Rh7 d4 43. Rh3 Re4 44. Rd3 Rxe5 45. Rxd4 Rxc5+ 46. Kb4
Rxg5 0-1

[Event "AUTO-INT-2495"]
[Site "http://www.queenalice.com/game.php?id=1125933"]
[Date "2012.11.25"]
[Round "1"]
[White "Himotross"]
[Black "Shizumaru_Hisame"]
[Result "1-0"]
[WhiteElo "1635"]
[BlackElo "1678"]

1. Nc3 d5 2. d4 Bf5 3. Nf3 Nc6 4. Bf4 Nb4 5. Rc1 c6 6. a3 Na6 7. e3 f6 8. Be2 g5
9. Bg3 h5 10. h4 g4 11. Nd2 e6 12. e4 Bg6 13. exd5 exd5 14. Bxa6 bxa6 15. O-O
Qb6 16. Re1+ Kd7 17. Nb3 Bd6 18. Na4 Qb5 19. Nc3 Qb8 20. Bxd6 Qxd6 21. Nc5+ Kc7
22. Re6 Qf4 23. Qe1 g3 24. Ne2 Qxh4 25. Qa5+ Kc8 26. Rxc6+ Kb8 27. Qc7# 1-0

[Event "AUTO-INT-2495"]
[Site "http://www.queenalice.com/game.php?id=1125940"]
[Date "2012.11.25"]
[Round "1"]
[White "Himotross"]
[Black "Danado"]
[Result "1-0"]
[WhiteElo "1653"]
[BlackElo "1524"]

1. d4 d5 2. Nc3 e6 3. e4 Bb4 4. exd5 Bxc3+ 5. bxc3 exd5 6. Nf3 Qe7+ 7. Be2 Bg4
8. O-O Nd7 9. h3 Be6 10. Re1 O-O-O 11. a4 Nb6 12. a5 Nc4 13. Bxc4 dxc4 14. a6 b6
15. Ne5 Bd5 16. Nc6 Bxc6 17. Rxe7 Nxe7 18. Qg4+ Bd7 19. Qe4 Rde8 20. Qb7+ Kd8
21. Bf4 Nc6 22. Qxc7+ Ke7 23. Re1+ Kf8 24. Bd6+ 1-0

[Event "AUTO-INT-2495"]
[Site "http://www.queenalice.com/game.php?id=1125941"]
[Date "2012.11.25"]
[Round "1"]
[White "Danado"]
[Black "Himotross"]
[Result "0-1"]
[WhiteElo "1537"]
[BlackElo "1603"]

1. e4 c5 2. Bc4 e6 3. Nf3 d5 4. Bb5+ Bd7 5. Bxd7+ Nxd7 6. exd5 exd5 7. O-O Be7
8. Qe2 Ngf6 9. d3 O-O 10. Bg5 Re8 11. Qd2 Qc7 12. Bxf6 Bxf6 13. c3 Re7 14. Re1
Rae8 15. Na3 Ne5 16. Qf4 Nxf3+ 0-1

[Event "Challenge"]
[Site "http://www.queenalice.com/game.php?id=1126472"]
[Date "2012.11.28"]
[Round "-"]
[White "Scaracioli"]
[Black "Himotross"]
[Result "0-1"]
[WhiteElo "1702"]
[BlackElo "1616"]

1. e4 c5 2. c3 Nc6 3. Bb5 Nf6 4. d3 d5 5. e5 Ng4 6. d4 Qa5 7. Bxc6+ bxc6 8. h3
Nh6 9. g4 e6 10. Bd2 cxd4 11. cxd4 Qb6 12. b3 Qxd4 13. Bc3 Qe4+ 14. Qe2 Qxh1 15.
Kf1 a5 16. Nd2 Ba6 17. Nc4 dxc4 18. bxc4 Bc5 19. Rd1 O-O 20. Rd3 Bxc4 21. Be1
Rfd8 22. Rxd8+ Rxd8 23. Qxc4 Bb4 24. Bxb4 axb4 25. Qc2 Qd5 26. f4 Qd1+ 27. Qxd1
Rxd1+ 28. Kg2 Rd2+ 29. Kf3 Rxa2 30. Ne2 Rxe2 31. Kxe2 c5 32. Kd3 b3 33. Kc3 c4
34. Kb2 f6 35. g5 fxe5 36. fxe5 Nf5 37. Kc3 Ne7 38. h4 Nc8 39. h5 Nb6 40. Kb2
Na4+ 41. Kc1 c3 42. Kb1 Nb6 43. Kc1 Nc4 44. Kb1 Nxe5 45. Kc1 b2+ 46. Kc2 Nf3 47.
g6 h6 48. Kxc3 b1=Q 49. Kc4 Qd1 50. Kc5 Qd5+ 51. Kb4 Qc6 52. Kb3 Qc5 53. Kb2 Nd4
0-1

[Event "AUTO-OPEN-2853"]
[Site "http://www.queenalice.com/game.php?id=1126690"]
[Date "2012.11.29"]
[Round "1"]
[White "gian_abramo"]
[Black "Himotross"]
[Result "1-0"]
[WhiteElo "2005"]
[BlackElo "1719"]

1. e4 c5 2. Nc3 e6 3. f4 d5 4. d3 g6 5. Nf3 Bg7 6. Rb1 Ne7 7. g3 dxe4 8. Nxe4
O-O 9. Bg2 Nbc6 10. c3 b6 11. Be3 Bb7 12. O-O Nf5 13. Bf2 Qc7 14. Qe2 Rad8 15.
Nfg5 h6 16. Nf3 Rfe8 17. g4 Nd6 18. g5 1-0

[Event "AUTO-OPEN-2853"]
[Site "http://www.queenalice.com/game.php?id=1126691"]
[Date "2012.11.29"]
[Round "1"]
[White "Himotross"]
[Black "gian_abramo"]
[Result "0-1"]
[WhiteElo "1673"]
[BlackElo "2053"]

1. e4 e5 2. Nf3 Qe7 3. Bc4 d6 4. d3 Bg4 5. Nc3 c6 6. O-O Qc7 7. h3 Bh5 8. g4 Bg6
9. Nh4 Be7 10. Nf5 Nd7 11. Nxg7+ Kf8 12. Nf5 Bxf5 13. exf5 Ngf6 14. Bh6+ Ke8 15.
g5 Ng8 16. Bg7 Bf6 17. gxf6 Ngxf6 18. Bxh8 Ke7 0-1

[Event "AUTO-OPEN-2853"]
[Site "http://www.queenalice.com/game.php?id=1126700"]
[Date "2012.11.29"]
[Round "1"]
[White "SalsaKing"]
[Black "Himotross"]
[Result "1-0"]
[WhiteElo "1791"]
[BlackElo "1733"]

1. e4 c5 2. c4 e6 3. d3 g6 4. Nf3 Bg7 5. Nc3 Nf6 6. h3 Nc6 7. a3 O-O 8. Be3 b6
9. g3 d5 10. cxd5 exd5 11. Bg2 d4 12. Bd2 Re8 13. O-O dxc3 14. Bxc3 Qc7 15. Qd2
Bb7 16. Rae1 Rad8 17. Qc2 Ba6 18. b4 Bxd3 19. Qb2 Bxf1 20. Bxf1 Nh5 21. g4 Bxc3
22. Qxc3 Nf4 23. Nd2 Qd6 24. Rd1 Qe5 25. Qc1 Nd4 26. Qc4 1-0

[Event "AUTO-OPEN-2853"]
[Site "http://www.queenalice.com/game.php?id=1126701"]
[Date "2012.11.29"]
[Round "1"]
[White "Himotross"]
[Black "SalsaKing"]
[Result "0-1"]
[WhiteElo "1711"]
[BlackElo "1785"]

1. d4 d5 2. Nc3 Nf6 3. g3 e6 4. Bg2 a6 5. Nf3 h6 6. O-O Nc6 7. Re1 Bb4 8. Bd2
Qd7 9. e4 Bxc3 10. Bxc3 b6 11. exd5 Nxd5 12. Bd2 a5 13. c4 Ndb4 14. d5 Nd8 15.
dxe6 fxe6 16. Ne5 Qd4 17. Qh5+ Kf8 18. Ng6+ Kg8 19. Bc3 Qd7 20. Rad1 Qe8 21.
Bxa8 Nbc6 22. Bxc6 Nxc6 23. Qf3 Rh7 24. Ne5 Nxe5 25. Bxe5 c5 26. Rd6 g6 27. Red1
Bd7 28. Qd3 Qf7 0-1